LEADER 02563nam 2200589Ia 450 001 9910457927503321 005 20200520144314.0 010 $a0-8157-5886-3 035 $a(CKB)1000000000347415 035 $a(EBL)275772 035 $a(OCoLC)476021158 035 $a(SSID)ssj0000261398 035 $a(PQKBManifestationID)11203437 035 $a(PQKBTitleCode)TC0000261398 035 $a(PQKBWorkID)10255979 035 $a(PQKB)10505698 035 $a(MiAaPQ)EBC275772 035 $a(OCoLC)76967694 035 $a(MdBmJHUP)muse35359 035 $a(Au-PeEL)EBL275772 035 $a(CaPaEBR)ebr10149863 035 $a(OCoLC)437175012 035 $a(EXLCZ)991000000000347415 100 $a20060602d2006 uy 0 101 0 $aeng 135 $aur|n|---||||| 181 $ctxt 182 $cc 183 $acr 200 10$aTransforming East Asia$b[electronic resource] $ethe evolution of regional economic integration /$fNaoko Munakata 210 $aTokyo $cResearch Institute of Economy, Trade and Industry ;$aWashington, D.C. $cBrookings Institution Press$dc2006 215 $a1 online resource (281 p.) 300 $aDescription based upon print version of record. 311 $a0-8157-5887-1 320 $aIncludes bibliographical references (p. 187-244) and index. 327 $aEast Asia in transition -- The new East Asian regionalism -- The state of regionalization -- Competing proposals for regionalism -- The primacy of the Asia Pacific economic cooperation -- New assumptions about regionalism -- The race for a free trade agreement -- Major powers and East Asian economic integration -- How economic integration changed East Asia. 330 $a"Analyzes developments in the region since the mid-1980s, highlighting such factors as the evolution of Asia-Pacific Economic Cooperation, the impact of the 1997-98 Asian financial crisis, and the rise of China. Outlines possible future scenarios for the region and offers policy prescriptions for building on regionalism's achievements to date"--Provided by publisher. 606 $aRegionalism$zEast Asia 607 $aEast Asia$xEconomic integration 607 $aEast Asia$xCommerce 607 $aEast Asia$xEconomic conditions$y20th century 608 $aElectronic books. 615 0$aRegionalism 676 $a337.1/5 700 $aMunakata$b Naoko$f1962-$01027840 801 0$bMiAaPQ 801 1$bMiAaPQ 801 2$bMiAaPQ 906 $aBOOK 912 $a9910457927503321 996 $aTransforming East Asia$92443527 997 $aUNINA LEADER 02312nam 2200373 450 001 9910719777003321 005 20230628101405.0 010 $a3-0365-7176-0 035 $a(CKB)4960000000467835 035 $a(NjHacI)994960000000467835 035 $a(EXLCZ)994960000000467835 100 $a20230628d2023 uy 0 101 0 $aeng 135 $aur||||||||||| 181 $ctxt$2rdacontent 182 $cc$2rdamedia 183 $acr$2rdacarrier 200 00$aAdvanced Research on Sprouts and Microgreens as a Source of Bioactive Compounds /$fBeatrice Falcinelli, Angelica Galieni, editors 210 1$aBasel, Switzerland :$cMDPI - Multidisciplinary Digital Publishing Institute,$d2023. 215 $a1 online resource (224 pages) 311 $a3-0365-7177-9 320 $aIncludes bibliographical references. 330 $aToday, researchers are focused on studying and identifying new products that can be beneficial for both food and pharmaceutical purposes. In this context, sprouts and microgreens are widely recognized as functional foods due to their high nutritional value, and in particular, their high bioactive compound content, which is mainly composed of phytochemicals. However, despite extensive research on the germination of species cultivated under optimal conditions, knowledge gaps remain regarding various aspects of sprout and microgreen production. To address this research issue, interdisciplinary collaboration is crucial. This involves the identification of novel species for edible sprout cultivation, the exploration of innovative strategies to stimulate bioactive compound production, and the development of new "nutraceutical" foods. Moreover, it is imperative to elucidate the mechanisms underlying the beneficial effects of the consumption of microgreens. This reprint presents cutting-edge research on sprouts and microgreens, providing valuable insights for the academic community. 606 $aBioactive compounds 615 0$aBioactive compounds. 676 $a363.7288 702 $aGalieni$b Angelica 702 $aFalcinelli$b Beatrice 801 0$bNjHacI 801 1$bNjHacl 906 $aBOOK 912 $a9910719777003321 996 $aAdvanced Research on Sprouts and Microgreens as a Source of Bioactive Compounds$93360349 997 $aUNINA LEADER 02199nam 2200553 450 001 9910788738703321 005 20170822144149.0 010 $a1-4704-0265-3 035 $a(CKB)3360000000464858 035 $a(EBL)3114369 035 $a(SSID)ssj0000888754 035 $a(PQKBManifestationID)11455658 035 $a(PQKBTitleCode)TC0000888754 035 $a(PQKBWorkID)10867684 035 $a(PQKB)11029202 035 $a(MiAaPQ)EBC3114369 035 $a(RPAM)1685809 035 $a(PPN)195415582 035 $a(EXLCZ)993360000000464858 100 $a19990427d1999 uy| 0 101 0 $aeng 135 $aur|n|---||||| 181 $ctxt 182 $cc 183 $acr 200 10$aA1 subgroups of exceptional algebraic groups /$fR. Lawther, D.M. Testerman 210 1$aProvidence, Rhode Island :$cAmerican Mathematical Society,$d1999. 215 $a1 online resource (146 p.) 225 1 $aMemoirs of the American Mathematical Society,$x0065-9266 ;$vnumber 674 300 $a"September 1999, volume 141, number 674 (end of volume)." 311 $a0-8218-1966-6 320 $aIncludes bibliographical references (pages 130-131). 327 $a""Contents""; ""1. Introduction""; ""2. Labelled Diagrams""; ""3. Essential Embeddings""; ""4. Unipotent Classes""; ""5. Centralizers""; ""6. Results""; ""7. (Aut G)-conjugacy""; ""Tables of A[sub(1)] subgroups""; ""Table 1. A[sub(1)] subgroups of G[sub(2)]""; ""Table 2. A[sub(1)] subgroups of F[sub(4)]""; ""Table 3. A[sub(1)] subgroups of E[sub(6)]""; ""Table 4. A[sub(1)] subgroups of E[sub(7)]""; ""Table 5. A[sub(1)] subgroups of E[sub(8)]""; ""References"" 410 0$aMemoirs of the American Mathematical Society ;$vno. 674. 606 $aLinear algebraic groups 606 $aLie algebras 615 0$aLinear algebraic groups. 615 0$aLie algebras. 676 $a510 s 676 $a512/.5 700 $aLawther$b R$g(Ross),$f1960-$01542820 702 $aTesterman$b Donna M.$f1960- 801 0$bMiAaPQ 801 1$bMiAaPQ 801 2$bMiAaPQ 906 $aBOOK 912 $a9910788738703321 996 $aA1 subgroups of exceptional algebraic groups$93861824 997 $aUNINA